Nice Adjectives to Describe People - Statistics

General Stats
  • This quiz has been taken 196 times
  • The average score is 23 of 171
Answer Stats
# word % Correct
4 nice
77%
6 kind
71%
9 beautiful
70%
5 smart
56%
4 good
54%
5 brave
51%
5 great
46%
11 intelligent
45%
6 lovely
45%
5 happy
44%
7 amazing
40%
8 generous
38%
8 gorgeous
38%
6 honest
34%
9 wonderful
34%
7 helpful
32%
6 polite
31%
6 clever
30%
7 awesome
29%
8 charming
28%
7 perfect
28%
6 gentle
27%
5 clean
26%
7 lovable
26%
11 trustworthy
26%
4 wise
26%
8 cheerful
25%
9 fantastic
25%
6 joyful
25%
4 calm
24%
6 bright
23%
8 likeable
23%
9 brilliant
21%
10 thoughtful
21%
7 elegant
20%
6 giving
20%
8 reliable
20%
10 attractive
19%
7 capable
19%
6 humble
19%
5 loyal
19%
5 super
19%
13 understanding
19%
5 witty
19%
9 marvelous
18%
8 peaceful
18%
8 talented
18%
4 tidy
18%
8 truthful
18%
9 excellent
17%
8 graceful
17%
8 pleasant
17%
10 respectful
17%
4 just
16%
9 admirable
15%
10 delightful
15%
9 energetic
15%
8 fabulous
15%
8 faithful
15%
8 terrific
15%
7 glowing
14%
10 incredible
14%
11 magnificent
14%
11 responsible
14%
7 hopeful
13%
10 optimistic
13%
7 shining
13%
10 courageous
12%
6 gifted
12%
8 gracious
12%
13 extraordinary
11%
9 inspiring
11%
9 organized
11%
8 positive
11%
6 superb
11%
4 fine
10%
8 precious
10%
8 splendid
10%
8 stunning
10%
10 supportive
10%
10 charitable
9%
13 compassionate
9%
11 considerate
9%
9 courteous
9%
12 enthusiastic
9%
9 honorable
9%
9 important
9%
5 noble
9%
11 outstanding
9%
7 radiant
9%
10 remarkable
9%
8 selfless
9%
10 tremendous
9%
10 impressive
8%
8 pleasing
8%
8 punctual
8%
6 worthy
8%
6 bubbly
7%
10 insightful
7%
10 reasonable
7%
9 sparkling
7%
8 valuable
7%
6 decent
6%
9 exquisite
6%
11 fascinating
6%
6 serene
6%
11 spectacular
6%
13 accommodating
5%
10 benevolent
5%
11 cooperative
5%
7 devoted
5%
11 encouraging
5%
9 enjoyable
5%
8 superior
5%
5 adept
4%
9 agreeable
4%
7 ethical
4%
11 exceptional
4%
11 respectable
4%
11 sensational
4%
9 appealing
3%
6 astute
3%
12 breathtaking
3%
5 civil
3%
8 dazzling
3%
10 dependable
3%
10 diplomatic
3%
10 enchanting
3%
9 endearing
3%
8 engaging
3%
9 exemplary
3%
10 perceptive
3%
9 priceless
3%
6 prompt
3%
9 resilient
3%
11 resplendent
3%
6 robust
3%
7 supreme
3%
6 upbeat
3%
8 virtuous
3%
7 zestful
3%
12 accomplished
2%
10 chivalrous
2%
11 commendable
2%
10 discerning
2%
11 disciplined
2%
9 elevating
2%
7 gallant
2%
11 magnanimous
2%
11 meritorious
2%
5 moral
2%
8 obliging
2%
10 principled
2%
7 prudent
2%
7 refined
2%
7 buoyant
1%
8 composed
1%
10 consummate
1%
5 hardy
1%
10 heartening
1%
8 incisive
1%
9 judicious
1%
9 observant
1%
12 praiseworthy
1%
6 shrewd
1%
9 steadfast
1%
10 unbeatable
1%
12 unparalleled
1%
8 vigilant
1%
8 vigorous
1%
9 unequaled
0%
No matching quizzes found
Score Distribution
Percent of People with Each Score
Percentile by Number Answered
Your Score History
You have not taken this quiz